| 000 | 00684nam a2200241Ia 4500 | ||
|---|---|---|---|
| 008 | 160319s9999 xx 000 0 und d | ||
| 020 | _a971-584-477-4 | ||
| 050 | _aFIL KPM 110 | ||
| 050 | _b.T87 2006 | ||
| 100 | _aTupaz, Dean Antonio R. | ||
| 245 | _aDavide : | ||
| 245 | _ban unauthorized biography / | ||
| 245 | _cAntonio R. Tupaz ; foreword by Maximo V. Soliven. | ||
| 260 | _aQuezon City: | ||
| 260 | _bC & E Pub. Inc., | ||
| 260 | _c2006 | ||
| 300 | _a421 pages : | ||
| 300 | _billustrations ; | ||
| 300 | _c26 cm. | ||
| 500 | _aIncludes bibliographical references and index. | ||
| 650 | _aJudges -- Philippines -- Biography. | ||
| 650 | _xDavide, Hilario G. | ||
| 999 |
_c291557 _d291557 |
||